000 00812 a2200229 4500
003 CBULib
005 20240708090547.0
008 240708b |||||||| |||| 00| 0 eng d
040 _bEnglish
_cCBULib
_erda
050 _aCBU-PG THESIS/PHI
_bB85058
100 _aPhiri, Museveni
245 _aAn assessment of factors affecting employee retention : a case of oil marketing industry in Zambia
_c/ by Museveni Phiri
260 _bCopperbelt University,
_c2023
_aKitwe :
300 _avi, 67 pages : illustrations
336 _2rdacontent
_aText |
_btxt
337 _2rdamedia
_aUnmediated |
_bn
338 _2rdacarrier
_aVolume
_bnc
500 _aincludes bibliographical references and appendices
650 0 _91781
_aEMPLOYEE RETENTION
650 0 _91623
_aOIL MARKETING COMPANIES - ZAMBIA
942 _2lcc
_c030
999 _c85058
_d85058